000 nam a22 a 4500
999 _c99985
_d99985
003 BLK
005 20230502151847.0
008 180409b bul|||||r ||||||| ||bul||
010 _aKNG00105002000
020 _a954-8785-33-1
040 _aBLK
041 _aBUL
_cBUL
080 _aЦигулка, виолина, виола д'аморе
_b787.1
_x.02
_z787.1.02
100 1 _aПетков, Христо Добрев
_eпърви автор
_9308283
139 _aПетков, Христо Добрев
_bП 44
245 1 0 _aНачални уроци по цигулка
_cХристо Добрев Петков.
257 _aBGR
260 _aСофия
_bАлфа-Дар
_c2001
_fСофия : Стандартизация принт
300 _a198 с.
_bс портр., ноти
_c20 см
380 _a7
500 _aСъдържа и За автора на книгата. - Библиогр. с. 192-193.
504 _a192-193
650 4 _aЦигулка - методика и техника на свиренето
_9274671
653 _aцигулка
852 _aЦб 214114
856 4 _qpdf
_i0.00
_ldisable
856 4 _qpdf
_i0.00
_ldisable
942 _cKNG
_n0
_s1
944 _aCR
_c01.01.2001
_kЦветанка_Енчева
944 _aED
_c2023-05-02
_kир
999 _d99985